Plats avec de la Volaille - Mort Subite - Statistiques

Statistiques générales
  • Ce quiz a été pris 158 fois
  • Le résultat moyen est 5 sur 16
Answers on the Grid
Answers color-coded by a green-red scale on the quiz's grid according to % correct below.
Cordon bleu
Cassoulet
Coq au vin
Salade périgourdine
Pininyahang manok
Dinde de Noël
Shish taouk
Club sandwich
Samgyetang
Kedjenou
Dak-galbi
Mousse de foie de canard au porto
Yakitori
Tom kha kai / Tom kha gai
Ají de gallina
Cock-a-leekie
Tokneneng / Kwek-kwek
Chicharonnes
Pâté chinois
Guacamole
Nattō
Taboulé
Samgyeopsal
Tamagoyaki
Palak paneer
Ratatouille
Smažený sýr
Birnen, Bohnen und Speck
 
Statistiques - réponses
Réponse % Correct
Coq au vin
81%
Cordon bleu
74%
Dinde de Noël
74%
Mousse de foie de canard au porto
68%
Cassoulet
36%
Yakitori
34%
Club sandwich
30%
Cock-a-leekie
25%
Salade périgourdine
25%
Ají de gallina
19%
Shish taouk
9%
Tom kha kai / Tom kha gai
9%
Dak-galbi
6%
Pininyahang manok
4%
Kedjenou
3%
Samgyetang
3%
Aucun quiz correspondant
Distribution des résultats
% des personnes avec chaque résultat
Percentile par nombre de réponses
Votre historique - résultats
Vous n’avez pas pris ce quiz